000
00292nam a22001217a 4500
008
181009b xxu||||| |||| 00| 0 eng d
041
_a
eng
080
_a
370
100
_a
48
101
_a
EDU
245
_a
Advanced In Learning Behavioral Disabilities
_c
Cadow.K.D
942
_2
udc
_c
BK
999
_c
49230
_d
49230